000 00660nam a22002177a 4500
005 20170124110243.0
010 _aA-781117
020 _c00.00
_a1854716050
035 _aA-781117
037 _bCen Lib/Ret
040 _aDPL
_bEN
082 _a550.3
_bILL
245 _aThe illustrated dictionary of earth sciences /
_cillustrated by Ken Chatterton...[et al.]
246 _b
260 _aLondon
_bBloomsbury Books
_c1994
270 _bLondon
_a42, Bloomsbury street
300 _a160p. :
_c17cm(Hb)
_bill.
650 _aEarth sciences -- Dictionary
_9109770
700 _aChatterton, Ken
_9109771
942 _2ddc
_cEN
_h480
_mILL
999 _c135285
_d135285